000 00862nam a2200229Ia 4500
999 _c65184
_d65184
005 20240530110811.0
008 140319s2007 jo a b 000 0 ara d
017 _a2006/11/3105
_bعمان . دائرة المكتبة الوطنية
040 _aGCL /
_cGCL
082 0 4 _221
_a745.51 /
_bخ م
100 0 _aخلود مانع الزبيدى
245 1 0 _aموسوعة الديكور وفنون الخشب واستعمالاته /
_cاعداد خلود مانع الزبيدى
250 _aط.1
260 _aعمان :
_bدار اليازورى العلمية للنشر والتوزيع،
_c2006
300 _a192 ص. :
_bايض. ؛
_c24 سم.
650 0 7 _aالديكور
_2qrmak
650 0 7 _aالاثاث المنزلى
650 0 7 _aالخشب
_2qrmak
651 _2qrmak
942 _2ddc
_cBK